Daddy's roommate /
Salvato in:
| Autore principale: | |
|---|---|
| Natura: | Libro |
| Lingua: | inglese |
| Pubblicazione: |
New York :
Alyson Wonderland,
2002
|
| Edizione: | 10. anniversary ed |
| Tags: |
Nessun Tag, puoi essere il primo ad aggiungerne!!
|
MARC
| LEADER | 00000nam a22000007i 4500 | ||
|---|---|---|---|
| 001 | IT\ICCU\UBO\3688002 | ||
| 003 | ItRI | ||
| 005 | 20260115231831.0 | ||
| 008 | 090914s2000 xxu|||||| ||||| |||||c | ||
| 020 | |a 1555831184 | ||
| 020 | |a 9781555831189 | ||
| 040 | |b ita |c importazione bologna sebina | ||
| 041 | 7 | |a eng |2 ISO-639-2 | |
| 100 | 1 | |a Willhoite, Michael |0 IT\ICCU\UBOV\358200 |4 aut | |
| 245 | 1 | 0 | |a Daddy's roommate / |c by Michael Willhoite. |
| 250 | |a 10. anniversary ed | ||
| 260 | |a New York : |b Alyson Wonderland, |c 2002 | ||
| 300 | |a 1 v. : |b ill. ; |c 28 cm | ||
| 500 | |a Senza paginazione. | ||
| 942 | |2 ddc |c BK |n 0 | ||
| 952 | |0 0 |1 0 |4 0 |6 R_741_642000000000000_WIL |7 0 |9 13823 |a BO |b BO |d 2026-01-15 |i 12972 |l 0 |o R 741.642 WIL |p BO12972 |r 2026-01-15 23:18:31 |w 2026-01-15 |x [Sebina 5] [1 v.] |y BK |z 1 v. | ||
| 999 | |c 11895 |d 11895 | ||